| 000 | 00519pam a2200181 a 4500 | ||
|---|---|---|---|
| 020 |
_a8180615618 _c350.00 |
||
| 041 |
_aeng _hNULL |
||
| 082 |
_a616.33 _bSHA/BEH |
||
| 100 | _aSHARMA, S . | ||
| 245 |
_aRECENT ADVANCES IN RESPIRATORY MEDICINE VOL-2 / _cNULL. _hTextual Documents |
||
| 260 |
_aNULL : _bJAYPEE BROTHERS MEDICAL PUB. , _c2005. |
||
| 300 |
_a340 : _bviii ; _cNULL . |
||
| 365 | _a350.00 | ||
| 700 |
_aBEHERA, D . _aMOHAN, A . |
||
| 930 | _a1214 | ||
| 999 |
_c795750 _d795750 |
||
| 650 | _aGEN.MEDICINE | ||